| 000 | 00987nam a2200289 i 4500 | ||
|---|---|---|---|
| 003 | EG-GICUC | ||
| 005 | 20260203142431.0 | ||
| 008 | 260203s1930 fr |||fr||||| 000 0frea d | ||
| 040 |
_aEG-GiCUC _bfre _cEG-GiCUC _dEG-GiCUC _eRda |
||
| 082 | 0 | 4 |
_221 _a341.8 _bBA . P |
| 092 | 0 | 4 | _221 |
| 099 | _aLaw1 12 341.8 BA . P 1930 | ||
| 100 | 1 |
_aBartin, E _eAuteur |
|
| 245 | 1 | 0 |
_aPrincipes De Droit International Privé : _bVelon La Loi Et La Jurisprudence Françaises / _cE. Bartin. _n |
| 264 | 1 |
_aParis : _bÉditions Domat-montchrestien, _c1930 . |
|
| 300 |
_a634page : _billustration ; _c 24 cm. |
||
| 336 |
_2rda contenu _a texte |
||
| 337 |
_2rda medias _aOrdinateur |
||
| 338 |
_2 transporteur rda _a Ressource en ligne |
||
| 504 | _aBibliography: pages 200-250. 240-220 | ||
| 546 | _aTexte en français | ||
| 650 | 1 | 4 |
_aDroit international privé _2 |
| 651 | 1 | _2 | |
| 856 | 4 | 0 | _uhttps://fll.law.cu.edu.eg/fulltext/bks/B12-02018.pdf |
| 905 | _a50 | ||
| 942 |
_2ddc _cBK _e21 _n0 |
||
| 999 |
_c60606 _d60606 |
||